ECONOMIC LAWS, POLICY,PLANNING (Record no. 898)
[ view plain ]
| 000 -LEADER | |
|---|---|
| fixed length control field | 00262nam a22000977a 4500 |
| 008 - FIXED-LENGTH DATA ELEMENTS--GENERAL INFORMATION | |
| fixed length control field | 150825b xxu||||| |||| 00| 0 eng d |
| 082 ## - | |
| Classification number | 330 FRI |
| 100 ## - MAIN ENTRY--PERSONAL NAME | |
| Personal name | FRISS I. |
| 245 ## - TITLE STATEMENT | |
| Title | ECONOMIC LAWS, POLICY,PLANNING |
| 260 ## - PUBLICATION, DISTRIBUTION, ETC. (IMPRINT) | |
| Place of publication, distribution, etc. | CAMBRIDGE |
| Name of publisher, distributor, etc. | AKADEMIAI KIADO BUDAPEST |
| Date of publication, distribution, etc. | 1971 |
No items available.